[Event "San Francisco TNM Max Wilkerson op"]
[Site "San Francisco"]
[Date "2009.08.25"]
[Round "4"]
[White "Campers, William"]
[Black "Farzaneh Far, Ramin"]
[Result "0-1"]
[WhiteElo "1771"]
[BlackElo "1988"]
[PlyCount "88"]
[EventDate "2009.08.03"]
[EventType "swiss"]
[EventRounds "9"]
[EventCountry "USA"]
[SourceTitle "EXT 2012"]
[Source "ChessBase"]
[SourceDate "2011.11.24"]
[SourceVersion "1"]
[SourceVersionDate "2011.11.24"]
[SourceQuality "1"]

1. e4 d5 2. exd5 Qxd5 3. Nc3 Qa5 4. d4 Nf6 5. Bd2 c6 6. Nf3 Bf5 7. Ne4 Qc7 8. Nxf6+ gxf6 9. Bc4 e6 10. Bb3 Bd6 11. Qe2 Nd7 12. 0-0-0 0-0-0 13. h3 Kb8 14. Nh4 Bg6 15. Nxg6 hxg6 16. g3 Rh5 17. h4 Rdh8 18. Qf3 f5 19. c4 c5 20. d5 e5 21. g4 e4 22. Qg2 fxg4 23. Qxe4 Nf6 24. Qe2 Re8 25. Qd3 Ne4 26. Rde1 Rhe5 27. Be3 f5 28. Re2 Nxf2 29. Rxf2 Rxe3 30. Qd1 Bg3 31. Rff1 Qe5 32. Kb1 Re2 33. Bc2 Re3 34. a3 Be1 35. h5 g3 36. hxg6 g2 37. Rxf5 gxh1Q 38. Rxe5 R3xe5 39. Qg4 Bf2+ 40. Ka2 Qh4 41. Qg2 Qg3 42. Qh1 Re2 43. Bf5 Bd4 44. Qh3 Rxb2+ 0-1

[Event "San Francisco TNM Max Wilkerson op"]
[Site "San Francisco"]
[Date "2009.08.18"]
[Round "3"]
[White "Farzaneh Far, Ramin"]
[Black "Newey, Richard H"]
[Result "1-0"]
[WhiteElo "1988"]
[BlackElo "1692"]
[PlyCount "51"]
[EventDate "2009.08.03"]
[EventType "swiss"]
[EventRounds "9"]
[EventCountry "USA"]
[SourceTitle "EXT 2012"]
[Source "ChessBase"]
[SourceDate "2011.11.24"]
[SourceVersion "1"]
[SourceVersionDate "2011.11.24"]
[SourceQuality "1"]

1. e4 c5 2. Nf3 e6 3. d4 cxd4 4. c3 dxc3 5. Nxc3 Bb4 6. Bc4 Qc7 7. Bb3 Nf6 8. 0-0 Bxc3 9. bxc3 Nxe4 10. Qd4 Nf6 11. Bf4 Qb6 12. Qd3 d5 13. c4 dxc4 14. Qxc4 0-0 15. Be3 Qa5 16. Rac1 Nc6 17. Bg5 Ne5 18. Nxe5 Qxe5 19. h4 Bd7 20. Rfe1 Qb5 21. Qd4 Nd5 22. Qg4 Kh8 23. Bc4 Qb4 24. Qh5 Rac8 25. Bd3 Rxc1 26. Qxh7# 1-0

[Event "San Francisco TNM Summer op"]
[Site "San Francisco"]
[Date "2009.07.14"]
[Round "8"]
[White "Goodall, Michael"]
[Black "Farzaneh Far, Ramin"]
[Result "1-0"]
[WhiteElo "1800"]
[BlackElo "1921"]
[PlyCount "103"]
[EventDate "2009.05.26"]
[EventType "swiss"]
[EventRounds "8"]
[EventCountry "USA"]
[SourceTitle "EXT 2012"]
[Source "ChessBase"]
[SourceDate "2011.11.24"]
[SourceVersion "1"]
[SourceVersionDate "2011.11.24"]
[SourceQuality "1"]

1. e4 e5 2. Nf3 Nc6 3. Bb5 a6 4. Ba4 Nf6 5. 0-0 Be7 6. Re1 b5 7. Bb3 0-0 8. d4 d6 9. h3 Bb7 10. c3 Re8 11. Nbd2 h6 12. Nf1 Bf8 13. Ng3 exd4 14. cxd4 Nb4 15. a3 Nc6 16. Bd2 Nb8 17. e5 dxe5 18. Nxe5 Bd5 19. Rc1 Bxb3 20. Qxb3 Qd5 21. Qxd5 Nxd5 22. Nf5 a5 23. Ne3 Nxe3 24. Rxe3 Bd6 25. Rb3 f6 26. Nf3 c6 27. d5 a4 28. Re3 Rxe3 29. Bxe3 cxd5 30. Rc8+ Kh7 31. Nd4 Be5 32. Nxb5 Ra5 33. Nd4 Nd7 34. Rd8 Nb6 35. Nc6 Rb5 36. Nxe5 fxe5 37. Bxb6 Rxb6 38. Rxd5 Rxb2 39. Rxe5 Rb1+ 40. Kh2 Rb3 41. Re3 Kg6 42. Kg3 Kf5 43. Kf3 h5 44. Ke2 g5 45. Rxb3 axb3 46. Kd3 b2 47. Kc2 Ke4 48. a4 b1Q+ 49. Kxb1 Kd3 50. a5 Ke2 51. a6 Kxf2 52. g4 1-0

[Event "San Francisco TNM Winter op"]
[Site "San Francisco"]
[Date "2009.02.03"]
[Round "5"]
[White "Farzaneh Far, Ramin"]
[Black "Bambou, Christophe"]
[Result "0-1"]
[WhiteElo "1856"]
[BlackElo "2035"]
[PlyCount "56"]
[EventDate "2009.01.06"]
[EventType "swiss"]
[EventRounds "8"]
[EventCountry "USA"]
[SourceTitle "EXT 2012"]
[Source "ChessBase"]
[SourceDate "2011.11.24"]
[SourceVersion "1"]
[SourceVersionDate "2011.11.24"]
[SourceQuality "1"]

1. d4 Nf6 2. c4 g6 3. Nc3 d6 4. e4 Bg7 5. Nf3 0-0 6. Be2 e5 7. 0-0 exd4 8. Nxd4 Re8 9. f3 Nc6 10. Be3 Nh5 11. Nd5 f5 12. Nb5 f4 13. Bf2 Qg5 14. h4 Qd8 15. Ndxc7 Ng3 16. Bxg3 fxg3 17. Qd5+ Kh8 18. Qg5 Bf6 19. Qxg3 Re5 20. Nxa8 Bxh4 21. Qf4 a6 22. Nc3 Be6 23. Rfd1 Bg5 24. Qg3 Be3+ 25. Kf1 Rh5 26. Ke1 Rh1+ 27. Bf1 Bxc4 28. Ne2 Qa5+ 0-1

[Event "San Francisco TNM Winter op"]
[Site "San Francisco"]
[Date "2009.01.13"]
[Round "2"]
[White "Farzaneh Far, Ramin"]
[Black "Shipman, Walter"]
[Result "0-1"]
[WhiteElo "1856"]
[BlackElo "2235"]
[PlyCount "116"]
[EventDate "2009.01.06"]
[EventType "swiss"]
[EventRounds "8"]
[EventCountry "USA"]
[SourceTitle "EXT 2012"]
[Source "ChessBase"]
[SourceDate "2011.11.24"]
[SourceVersion "1"]
[SourceVersionDate "2011.11.24"]
[SourceQuality "1"]

1. d4 d5 2. c4 e6 3. Nc3 c6 4. Nf3 Nf6 5. e3 Nbd7 6. Bd3 Bb4 7. 0-0 0-0 8. Qc2 Re8 9. a3 Ba5 10. b4 Bc7 11. e4 dxe4 12. Nxe4 Nxe4 13. Bxe4 h6 14. Bb2 e5 15. Rad1 exd4 16. Rxd4 Qe7 17. Bh7+ Kh8 18. Re4 Qf8 19. Rxe8 Qxe8 20. Re1 Qd8 21. Bd3 Nf8 22. Qc3 f6 23. h3 Be6 24. Bc2 Qd7 25. Rd1 Qf7 26. c5 Rd8 27. Rxd8 Bxd8 28. Qd3 Qd7 29. Qxd7 Bxd7 30. Kf1 Bc7 31. Ke2 Kg8 32. Nh4 Be6 33. Nf5 Kf7 34. Ke3 Nd7 35. f4 h5 36. Nd4 Bd5 37. g4 hxg4 38. hxg4 g5 39. fxg5 fxg5 40. Nf5 Ne5 41. Bxe5 Bxe5 42. a4 Kf6 43. Bd1 Bc3 44. b5 Ke5 45. Nd6 Bd4+ 46. Kd3 cxb5 47. axb5 Bxc5 48. Nc4+ Kf4 49. Na5 Bb6 50. Nc4 Bf3 51. Bxf3 Kxf3 52. Nxb6 axb6 53. Kd2 Kxg4 54. Ke2 Kg3 55. Kf1 g4 56. Kg1 Kf3 57. Kf1 g3 58. Kg1 g2 0-1

[Event "San Francisco Chernev Memorial"]
[Site "San Francisco"]
[Date "2008.08.20"]
[Round "3"]
[White "Thornally, Frank"]
[Black "Farzaneh Far, Ramin"]
[Result "1/2-1/2"]
[WhiteElo "2224"]
[BlackElo "1823"]
[PlyCount "65"]
[EventDate "2008.08.05"]
[EventType "swiss"]
[EventRounds "8"]
[EventCountry "USA"]
[SourceTitle "CBM 126 Extra"]
[Source "ChessBase"]
[SourceDate "2008.11.05"]
[SourceVersion "1"]
[SourceVersionDate "2008.11.05"]
[SourceQuality "1"]

1. Nf3 Nf6 2. c4 g6 3. g3 Bg7 4. Bg2 0-0 5. 0-0 d6 6. Nc3 e5 7. d3 Nc6 8. Rb1 h6 9. b4 Be6 10. b5 Ne7 11. a4 c6 12. Bd2 Qc7 13. a5 d5 14. b6 axb6 15. axb6 Qd6 16. Na4 Rfe8 17. Bb4 Qb8 18. Nc5 Nf5 19. Nxe6 Rxe6 20. Bh3 Re8 21. Bxf5 gxf5 22. Nh4 Qc8 23. f3 f4 24. g4 Qd8 25. Be1 Qd7 26. Nf5 h5 27. h3 hxg4 28. hxg4 Rad8 29. c5 Qe6 30. Bh4 Bf8 31. Rc1 Ra8 32. Bxf6 Qxf6 33. Qb3 1/2-1/2